| 000 | 00400nam a2200145Ia 4500 | ||
|---|---|---|---|
| 008 | 231129s1997||||xx |||||||||||||| ||spa|| | ||
| 020 | _a968-24-5540-5 | ||
| 040 | _bspa | ||
| 082 | _a371 F965c | ||
| 100 | _aFullan Michael G. | ||
| 245 | 0 | _aEl cambio educativo: Guía de planeación para maestros | |
| 260 | _c1997 | ||
| 264 | _aTrillas | ||
| 942 |
_2ddc _cBKS |
||
| 999 |
_c10436 _d10436 |
||